Relativity: the special and the general theory, a popular exposition

Saved in:
Bibliografiske detaljer
Hovedforfatter: Einstein, Albert (autor)
Format: Bog
Sprog:engelsk
Udgivet: Londres Methuen 1954
Udgivelse:15a. ed
Fag:
Tags: Tilføj Tag
Ingen Tags, Vær først til at tagge denne postø!

MARC

LEADER 00000nam a2200000 a 4500
001 UCH2951
003 CL-VaPUC
008 090709e19540000UK |||||||||||||||||eng|d
082 0 4 |a 530.11  |b EIN  |2 21 
100 |a Einstein, Albert   |e autor  |9 266229 
245 1 0 |a Relativity: the special and the general theory, a popular exposition 
250 |a 15a. ed 
300 |a 165 p 
942 |c BK 
945 |d 20090709 00:00:00  |a rbrito 
260 |a Londres  |b Methuen  |c 1954 
650 0 |a Teoría de la relatividad   |9 266149 
583 |a last modification  |c 20090709 00:00:00  |k Rodrigo Vera 
999 |c 334610  |d 334608 
952 |0 0  |1 0  |4 0  |6 530_110000000000000_EIN_1954  |7 0  |8 A  |9 423722  |a BIBCUR  |b BIBCUR  |d 2019-11-22  |i 4528808  |l 6  |m 2  |o 530.11 EIN 1954  |p 4528808  |q 2025-05-12  |r 2025-04-29  |s 2025-04-29  |w 2019-11-22  |y BK  |k FIS